000 00900nam a2200301Ia 4500
003 OSt
005 20220912150600.0
006 a|||||r|||| 00| 0
007 ta
008 220909b |||||||| |||| 00| 0 eng d
020 _a0387947833 (New York:hbd)
024 _a4841
037 _bLibco,
037 _cTextual
040 _aCSL
_beng
_cCSL
041 _aeng
082 _aB96, N7
100 _aGlendenning Norman K
245 0 _aCompact stars: nuclear physics, particle physics, and general relativity
260 _aNew York
_b Springer-Verlag
_c1997
300 _axiv, 390p+87fig
490 _aAstronomy and astrophysics library
500 _aAppendix p362; Bibliographical references 365-381p; Index 383-390p
650 _a Neutron stars
650 _aAstronomy
942 _hB96, N7
_cTEXL
_2CC
999 _c50555
_d50555